书目信息 |
| 题名: |
干细胞生物学
|
|
| 作者: | 马沙克 , Marshak , 甘德 , Gardner , 戈特利布 , Gottlieb 主编 ;刘景生 , 张均田 译 | |
| 分册: | ||
| 出版信息: | 北京 化学工业出版社 2004.2 |
|
| 页数: | 469页 | |
| 开本: | 24cm | |
| 丛书名: | ||
| 单 册: | ||
| 中图分类: | Q24 | |
| 科图分类: | ||
| 主题词: | 干细胞--生物学 , 生物学 | |
| 电子资源: | ||
| ISBN: | 7-5025-4885-8 | |
| 000 | 01172nam0 2200337 45 | |
| 001 | 012004000000 | |
| 005 | 20050106144319.30 | |
| 010 | @a7-5025-4885-8@dCNY 68.00 | |
| 100 | @a20041018d2004 em y0chiy0121 ea | |
| 101 | 1 | @achi@ceng |
| 102 | @aCN@b110000 | |
| 105 | @aa z 001yy | |
| 200 | 1 | @a干细胞生物学@Agan xi bao sheng wu xue@dStem cell biology@f(美)丹尼尔 R.马沙克(Daniel R. Marshak), (英)理查德 L.甘德(Richard L. Gardner), (美)大卫·戈特利布(David Gottlieb)主编@g刘景生, 张均田等译@zeng |
| 210 | @a北京@c化学工业出版社@d2004.2 | |
| 215 | @a469页@c图@d24cm | |
| 300 | @a国外优秀科技著作出版专项基金资助 | |
| 320 | @a附参考文献和索引 | |
| 510 | 1 | @aStem cell biology@zeng |
| 606 | 0 | @a干细胞@x生物学 |
| 606 | 0 | @a生物学 |
| 690 | @aQ24@v4 | |
| 701 | 1 | @a马沙克@Ama sha ke@b丹尼尔 R.@4主编 |
| 701 | A1 | @aMarshak@bDaniel R.@4主编 |
| 701 | 1 | @a甘德@Agan de@b理查德 L.@4主编 |
| 701 | A1 | @aGardner@bRichard L.@4主编 |
| 701 | 1 | @a戈特利布@Age te li bu@b大卫@4主编 |
| 701 | A1 | @aGottlieb@bDavid@4主编 |
| 702 | 0 | @a刘景生@Aliu jing sheng@4译 |
| 702 | 0 | @a张均田@Azhang jun tian@4译 |
| 801 | 0 | @aCN@bQSSKw@c20050106 |
| 905 | @a10447@dQ24@eD154 | |
| 干细胞生物学=Stem cell biology/(美)丹尼尔 R.马沙克(Daniel R. Marshak), (英)理查德 L.甘德(Richard L. Gardner), (美)大卫·戈特利布(David Gottlieb)主编/刘景生, 张均田等译.-北京:化学工业出版社,2004.2 |
| 469页:图;24cm |
| 国外优秀科技著作出版专项基金资助 |
| ISBN 7-5025-4885-8:CNY 68.00 |
| ● |
| 相关链接 |
|
|
|
正题名:干细胞生物学
索取号:Q24/D154
 
预约/预借
| 序号 | 登录号 | 条形码 | 馆藏地/架位号 | 状态 | 备注 |
| 1 | 434779 | 204347796 | 生命科学与工程学院资料室/ [索取号:Q24/D154] | 在馆 | |
| 2 | 434780 | 204347803 | 自科库401/401自科库 26排4列4层/ [索取号:Q24/D154] | 在馆 |